[Event "Schachfestival Basel"]
[Site "?"]
[Date "2017.01.07"]
[Round "7.41"]
[White "Schmuki, Roman"]
[Black "Metz, Hartmut"]
[Result "0-1"]
[WhiteElo "2048"]
[BlackElo "2255"]
[PlyCount "80"]
[EventDate "2017.01.??"]
[EventType "swiss"]
[EventRounds "9"]

1. e4 c6 2. d4 d5 3. exd5 cxd5 4. c4 Nf6 5. Nc3 Nc6 6. Nf3 Bg4 7. cxd5 Nxd5 8.
Bb5 e6 9. h3 Bh5 10. O-O Be7 11. g4 Bg6 12. Ne5 Rc8 13. Re1 O-O 14. Bxc6 bxc6
15. Qa4 Qc7 16. Bd2 Qb7 17. Rac1 Nb6 18. Qb3 Rfd8 19. Be3 Qa8 20. Na4 Nxa4 21.
Qxa4 Be4 22. b4 f6 23. Nc4 Bd5 24. Na5 Kf7 25. a3 h5 26. Qd1 hxg4 27. Qxg4 Rh8
28. Rc3 g5 29. Bc1 Rh4 30. Qd1 Rch8 31. Ree3 Bd6 32. Nc4 Bf4 33. Rf3 Bxc1 34.
Ne5+ Kg7 35. Qxc1 Bxf3 36. Rxf3 Rxh3 37. Rxh3 Rxh3 38. Qxc6 Qxc6 39. Nxc6 Rxa3
40. b5 Kf7 0-1

[Event "Schachfestival Basel"]
[Site "?"]
[Date "2017.01.07"]
[Round "7.42"]
[White "Kopylov, Daniel"]
[Black "Furman, Boris"]
[Result "1-0"]
[WhiteElo "2003"]
[BlackElo "2205"]
[PlyCount "77"]
[EventDate "2017.01.??"]
[EventType "swiss"]
[EventRounds "9"]

1. e4 c5 2. Nf3 Nc6 3. d4 cxd4 4. Nxd4 Nf6 5. Nc3 d6 6. Bg5 e6 7. Qd2 Be7 8.
O-O-O O-O 9. f4 d5 10. e5 Nd7 11. Bxe7 Qxe7 12. Bb5 Nb6 13. Rhe1 Bd7 14. g4 f6
15. Nxc6 bxc6 16. Bd3 Rab8 17. f5 Qb4 18. Qe2 d4 19. a3 Qa5 20. Ne4 Qxe5 21.
Bc4 Na4 22. Bb3 d3 23. Qxd3 Nxb2 24. Qxd7 Nxd1 25. Qxe6+ Kh8 26. Qxe5 fxe5 27.
Rxd1 h5 28. h3 Rbd8 29. Re1 Rd4 30. Ng5 Re8 31. Ne6 Rd7 32. Rxe5 Ree7 33. Rc5
Rd6 34. Re5 Rdd7 35. Re4 Rb7 36. Rc4 g6 37. Rxc6 gxf5 38. gxf5 Rb6 39. f6 1-0

[Event "Schachfestival Basel"]
[Site "?"]
[Date "2017.01.07"]
[Round "7.43"]
[White "Lumsdon, Andrew"]
[Black "Curien, Nicolas"]
[Result "0-1"]
[WhiteElo "1994"]
[BlackElo "2175"]
[PlyCount "80"]
[EventDate "2017.01.??"]
[EventType "swiss"]
[EventRounds "9"]

1. e4 e6 2. Na3 d5 3. e5 Nh6 4. f4 Be7 5. Nf3 O-O 6. d4 c5 7. c3 Nc6 8. Nc2 f6
9. Bd3 cxd4 10. cxd4 Bd7 11. O-O Nf5 12. Bxf5 exf5 13. Qd3 Qb6 14. Bd2 fxe5 15.
fxe5 f4 16. Bc3 Rac8 17. Qe2 Nd8 18. Rf2 Bg4 19. h3 Bf5 20. Nce1 Ne6 21. Qd2 g5
22. Nh2 h5 23. Qd1 Bg6 24. Qf3 Qb5 25. Rd1 Ng7 26. Nd3 Be4 27. Qe2 Qb6 28. h4
Bxd3 29. Rxd3 g4 30. Nxg4 hxg4 31. Qxg4 Qh6 32. Qd7 Qe6 33. Qxb7 Bxh4 34. Rf1
Rf7 35. Qb3 Bg3 36. Be1 Bxe1 37. Rxe1 Nf5 38. Rf1 Ne3 39. Re1 Rg7 40. Rd2 Qh3
0-1

[Event "Schachfestival Basel"]
[Site "?"]
[Date "2017.01.07"]
[Round "7.44"]
[White "Schultze, Joerg Martin"]
[Black "Xheladini, Mahmut"]
[Result "1/2-1/2"]
[WhiteElo "1984"]
[BlackElo "2171"]
[PlyCount "80"]
[EventDate "2017.01.??"]
[EventType "swiss"]
[EventRounds "9"]

1. d4 Nc6 2. Nf3 d6 3. e4 Nf6 4. Nc3 Bg4 5. Be3 a6 6. a4 e5 7. d5 Ne7 8. Be2
Bh5 9. Nd2 Bg6 10. h4 h5 11. f3 c6 12. dxc6 bxc6 13. Nc4 Nc8 14. a5 Be7 15. Qd2
Nd7 16. g3 Qc7 17. Na4 f5 18. exf5 Bxf5 19. Bd3 O-O 20. Bg5 Bxd3 21. Qxd3 d5
22. Ncb6 e4 23. fxe4 Ne5 24. Qe2 Nf3+ 25. Kd1 Nxb6 26. axb6 Qd7 27. Bxe7 dxe4+
28. Kc1 Qxe7 29. Nc3 Rfe8 30. Ra4 Qd6 31. Nxe4 Qh6+ 32. Kb1 Rxe4 33. Rxe4 Nd2+
34. Ka1 Nxe4 35. Qxe4 Qd6 36. Rf1 Rb8 37. Qc4+ Kh7 38. Qxa6 Qxg3 39. Qa7 Qg2
40. Rd1 Qxc2 1/2-1/2

[Event "Schachfestival Basel"]
[Site "?"]
[Date "2017.01.07"]
[Round "7.45"]
[White "Kaeppeli, Adriano"]
[Black "Nguyen, Kevin"]
[Result "1-0"]
[WhiteElo "1952"]
[BlackElo "2122"]
[PlyCount "69"]
[EventDate "2017.01.??"]
[EventType "swiss"]
[EventRounds "9"]

1. e4 c5 2. Nf3 d6 3. d4 cxd4 4. Nxd4 Nf6 5. Nc3 g6 6. Be3 Bg7 7. f3 Nc6 8. Qd2
O-O 9. O-O-O Nxd4 10. Bxd4 Be6 11. Kb1 Re8 12. Bb5 Rf8 13. Be2 Qc7 14. h4 Rfc8
15. h5 Qa5 16. hxg6 fxg6 17. a3 Rab8 18. Bxf6 Bxf6 19. Nd5 Qa4 20. Nxf6+ exf6
21. Qh6 Qxc2+ 22. Ka1 Rc7 23. Bd3 Qb3 24. Bb1 Rd8 25. f4 Rdd7 26. Rd3 Qb5 27.
f5 Bc4 28. Rg3 Qe5 29. Rxg6+ Rg7 30. Qxh7+ Kf8 31. Qh8+ Bg8 32. Ba2 Rxg6 33.
fxg6 Rg7 34. Rc1 Qe8 35. Bxg8 1-0

[Event "Schachfestival Basel"]
[Site "?"]
[Date "2017.01.07"]
[Round "7.46"]
[White "Kutschenko, Roland"]
[Black "Pajeken, Jakob Leon"]
[Result "1/2-1/2"]
[WhiteElo "2101"]
[BlackElo "1977"]
[PlyCount "42"]
[EventDate "2017.01.??"]
[EventType "swiss"]
[EventRounds "9"]

1. d4 d5 2. Bf4 Nf6 3. e3 c5 4. c3 Qb6 5. Qb3 Nc6 6. Qxb6 axb6 7. Bd3 c4 8. Bc2
b5 9. b4 cxb3 10. Bxb3 b4 11. Ne2 e6 12. O-O Nh5 13. c4 Nxf4 14. Nxf4 dxc4 15.
Bxc4 Bd6 16. Ne2 O-O 17. Nd2 Bd7 18. Rfc1 Na5 19. Bd3 Rfc8 20. Rxc8+ Rxc8 21.
Rc1 Rxc1+ 1/2-1/2

[Event "Schachfestival Basel"]
[Site "?"]
[Date "2017.01.07"]
[Round "7.47"]
[White "Kokje, Joris"]
[Black "Graeber, Fabien"]
[Result "0-1"]
[WhiteElo "2093"]
[BlackElo "2073"]
[PlyCount "64"]
[EventDate "2017.01.??"]
[EventType "swiss"]
[EventRounds "9"]

1. d4 d5 2. c4 c6 3. Nf3 Nf6 4. Nc3 dxc4 5. g3 b5 6. Bg2 Bb7 7. O-O e6 8. e4
Be7 9. e5 Nd5 10. Ne4 h6 11. Bd2 Nd7 12. b3 cxb3 13. axb3 b4 14. Ne1 c5 15. Qg4
Kf8 16. f4 cxd4 17. Nd3 g6 18. Nd6 Bxd6 19. exd6 Ne3 20. Bxe3 Bxg2 21. Kxg2
dxe3 22. Qf3 Nb6 23. Qxe3 Qxd6 24. Rfd1 Kg7 25. Ne5 Nd5 26. Qd3 Rhd8 27. Qe2
Qc5 28. Nc4 Nc3 29. Qb2 Kg8 30. Re1 a5 31. Qc2 a4 32. Rxe6 Qd5+ 0-1

[Event "Schachfestival Basel"]
[Site "?"]
[Date "2017.01.07"]
[Round "7.48"]
[White "Martig, Markus"]
[Black "Faraone, Ettore"]
[Result "1-0"]
[WhiteElo "2104"]
[BlackElo "2033"]
[PlyCount "65"]
[EventDate "2017.01.??"]
[EventType "swiss"]
[EventRounds "9"]

1. Nf3 Nf6 2. e3 Nc6 3. d4 e6 4. Bd3 b6 5. O-O Bb7 6. c4 Nb4 7. Be2 Be4 8. Nc3
Bc2 9. Qd2 Bg6 10. Ne5 c6 11. a3 Na6 12. b4 Nb8 13. d5 Bd6 14. f4 Qc7 15. Bb2
a5 16. b5 exd5 17. cxd5 c5 18. Nxg6 hxg6 19. e4 c4 20. e5 Bc5+ 21. Kh1 Nh5 22.
Ne4 Qd8 23. g4 f5 24. gxh5 fxe4 25. Qc2 d6 26. Qxe4 Rh6 27. exd6+ Kf8 28. Qe5
Ra7 29. hxg6 Bxd6 30. Qf5+ Kg8 31. Bg4 Re7 32. Rae1 Rxe1 33. Qf7+ 1-0

[Event "Schachfestival Basel"]
[Site "?"]
[Date "2017.01.07"]
[Round "7.49"]
[White "Braeunlin, Klaus"]
[Black "Probst, Andreas"]
[Result "0-1"]
[WhiteElo "1965"]
[BlackElo "2093"]
[PlyCount "86"]
[EventDate "2017.01.??"]
[EventType "swiss"]
[EventRounds "9"]

1. e4 c5 2. Nf3 e6 3. d4 cxd4 4. Nxd4 a6 5. Bd3 Bc5 6. Nb3 Be7 7. Nc3 d6 8. Be3
Nf6 9. Qe2 O-O 10. f4 Nbd7 11. O-O-O b5 12. e5 Ne8 13. exd6 Nxd6 14. Ne4 Qc7
15. Nxd6 Bxd6 16. Be4 Rb8 17. g3 Nf6 18. Bf3 Bb7 19. Bxb7 Rxb7 20. Rxd6 Qxd6
21. Bc5 Qc6 22. Rd1 Ra8 23. Na5 Qxc5 24. Nxb7 Qb6 25. Nd6 Rd8 26. Qd3 Kf8 27.
Nc4 Rxd3 28. Nxb6 Rxd1+ 29. Kxd1 Ke7 30. a4 Kd6 31. c3 Kc6 32. a5 Ng4 33. h3
Ne3+ 34. Ke2 Nc4 35. Nxc4 bxc4 36. Ke3 Kd5 37. g4 f6 38. Kf3 g6 39. Ke3 f5 40.
g5 e5 41. Kf3 e4+ 42. Ke2 Kc6 43. Ke3 Kc5 0-1

[Event "Schachfestival Basel"]
[Site "?"]
[Date "2017.01.07"]
[Round "7.50"]
[White "Harringer, Manfred"]
[Black "Ditzler, Juerg"]
[Result "1/2-1/2"]
[WhiteElo "2009"]
[BlackElo "2052"]
[PlyCount "48"]
[EventDate "2017.01.??"]
[EventType "swiss"]
[EventRounds "9"]

1. e4 g6 2. d4 Bg7 3. Nf3 d6 4. Be2 Nc6 5. O-O e5 6. c3 Nf6 7. Qc2 O-O 8. dxe5
dxe5 9. Rd1 Qe7 10. b3 Rd8 11. Nbd2 Qc5 12. Nc4 Rxd1+ 13. Bxd1 Qe7 14. Ba3 Qe8
15. Be2 Nh5 16. g3 Nf6 17. Rd1 b6 18. Ncxe5 Nxe5 19. Nxe5 Bb7 20. Nxf7 Qxe4 21.
Qxe4 Nxe4 22. Bc4 Nxc3 23. Rd8+ Rxd8 24. Nxd8+ Bd5 1/2-1/2

[Event "Schachfestival Basel"]
[Site "?"]
[Date "2017.01.07"]
[Round "7.51"]
[White "Brait, Wolfgang"]
[Black "Ernst, Heinz"]
[Result "1-0"]
[WhiteElo "1923"]
[BlackElo "1998"]
[PlyCount "127"]
[EventDate "2017.01.??"]
[EventType "swiss"]
[EventRounds "9"]

1. d4 d5 2. c4 e6 3. Nc3 Nf6 4. Bg5 Nbd7 5. cxd5 exd5 6. e3 Be7 7. Bd3 c6 8.
Nge2 O-O 9. Qc2 Re8 10. O-O Nf8 11. Rfe1 g6 12. f3 Ne6 13. Bh4 Ng7 14. Rad1
Nfh5 15. Bxe7 Qxe7 16. Nf4 Nxf4 17. exf4 Qd8 18. g4 Bd7 19. Qf2 Qf6 20. Re5 Qd6
21. Rde1 f6 22. Rxe8+ Rxe8 23. Rxe8+ Nxe8 24. Qd2 Ng7 25. Ne2 Ne6 26. Kg2 Ng7
27. a3 b6 28. b4 Kf7 29. Qe3 a5 30. bxa5 bxa5 31. Bc2 Ne6 32. f5 gxf5 33. Bxf5
Ng5 34. Bc2 Kg7 35. Ng3 Kf8 36. h4 Ne6 37. Nh5 Ke7 38. Ng7 Kf7 39. Nxe6 Bxe6
40. Bxh7 Kg7 41. Bc2 Bg8 42. f4 Bh7 43. f5 Bg8 44. Qg3 Qe7 45. Kf2 c5 46. Qe3
Qc7 47. Qg3 Qxg3+ 48. Kxg3 c4 49. g5 Bf7 50. Bd1 Be8 51. Kf4 Bb5 52. h5 c3 53.
Bc2 Be8 54. h6+ Kh7 55. Kg4 Bb5 56. a4 Be2+ 57. Kf4 Bf1 58. gxf6 Kxh6 59. Ke5
Bg2 60. Ke6 Be4 61. Bb3 c2 62. Bxc2 Bxc2 63. f7 Bxf5+ 64. Ke7 1-0

[Event "Schachfestival Basel"]
[Site "?"]
[Date "2017.01.07"]
[Round "8.1"]
[White "Safarli, Eltaj"]
[Black "Bauer, Christian"]
[Result "1-0"]
[WhiteElo "2686"]
[BlackElo "2635"]
[PlyCount "85"]
[EventDate "2017.01.??"]
[EventType "swiss"]
[EventRounds "9"]

1. e4 d5 2. exd5 Qxd5 3. Nc3 Qa5 4. g3 Nf6 5. Bg2 c6 6. Nge2 Bf5 7. b4 Qc7 8.
O-O e6 9. Rb1 Be7 10. b5 a6 11. a4 axb5 12. axb5 O-O 13. d3 Nbd7 14. bxc6 bxc6
15. Nd4 Bg4 16. Qe1 Ra6 17. h3 Bh5 18. Bf4 e5 19. Nf5 exf4 20. Nxe7+ Kh8 21. g4
f3 22. Bxf3 Ne5 23. Bg2 Re8 24. gxh5 Rxe7 25. Qd1 Ra8 26. Re1 Rae8 27. Re3 g6
28. h6 Re6 29. d4 Ned7 30. Rxe6 fxe6 31. Qf3 Rf8 32. Qxc6 Qf4 33. Qxe6 Qxd4 34.
Nd5 Qh4 35. Nxf6 Nxf6 36. Qe3 g5 37. Qe5 Qxh6 38. Rb6 Kg7 39. c4 Qg6 40. c5 h6
41. Rb7+ Rf7 42. c6 Qc2 43. Qe6 1-0

[Event "Schachfestival Basel"]
[Site "?"]
[Date "2017.01.07"]
[Round "8.2"]
[White "Bai, Jinshi"]
[Black "Abasov, Nijat Azad"]
[Result "1/2-1/2"]
[WhiteElo "2560"]
[BlackElo "2561"]
[PlyCount "27"]
[EventDate "2017.01.??"]
[EventType "swiss"]
[EventRounds "9"]

1. d4 Nf6 2. c4 e6 3. g3 d5 4. Bg2 Be7 5. Nf3 O-O 6. O-O dxc4 7. Qc2 b6 8. Nbd2
Bb7 9. Nxc4 Be4 10. Qd1 Bd5 11. Ne3 Be4 12. Nc4 Bd5 13. Ne3 Be4 14. Nc4 1/2-1/2

[Event "Schachfestival Basel"]
[Site "?"]
[Date "2017.01.07"]
[Round "8.3"]
[White "Van Foreest, Jorden"]
[Black "Gao, Rui"]
[Result "1-0"]
[WhiteElo "2612"]
[BlackElo "2544"]
[PlyCount "93"]
[EventDate "2017.01.??"]
[EventType "swiss"]
[EventRounds "9"]

1. d4 Nf6 2. Bf4 g6 3. Nc3 d5 4. Qd2 Bg7 5. Bh6 O-O 6. Bxg7 Kxg7 7. O-O-O c5 8.
e3 Nc6 9. dxc5 Be6 10. Bb5 Rc8 11. Nge2 b6 12. Bxc6 Rxc6 13. e4 Rxc5 14. exd5
Bf5 15. Nd4 Qc8 16. Rhe1 Rd8 17. Rxe7 Nxd5 18. Nxf5+ Qxf5 19. Qd4+ Kh6 20. Qh4+
Kg7 21. Rxf7+ Qxf7 22. Qxd8 Qf4+ 23. Kb1 Nxc3+ 24. bxc3 Qxf2 25. g4 Kh6 26. h4
Rb5+ 27. Ka1 Ra5 28. Qg8 Qc5 29. g5+ Kh5 30. Qxh7+ Kg4 31. Rd4+ Kg3 32. Rd3+
Kg4 33. Qd7+ Qf5 34. Qd4+ Kh5 35. Qg1 Qe6 36. Qd1+ Qg4 37. Qe1 Qxh4 38. Qe2+
Kxg5 39. Qg2+ Kf6 40. Rd6+ Ke7 41. Rd1 Qh5 42. Qd2 Qe5 43. Re1 Qxe1+ 44. Qxe1+
Kd7 45. Qe4 g5 46. Qb7+ Ke6 47. c4 1-0

[Event "Schachfestival Basel"]
[Site "?"]
[Date "2017.01.07"]
[Round "8.4"]
[White "Kunin, Vitaly"]
[Black "Korpa, Bence"]
[Result "1/2-1/2"]
[WhiteElo "2576"]
[BlackElo "2473"]
[PlyCount "78"]
[EventDate "2017.01.??"]
[EventType "swiss"]
[EventRounds "9"]

1. g3 d5 2. Nf3 Bg4 3. Bg2 Nd7 4. c4 e6 5. cxd5 exd5 6. h3 Bh5 7. O-O c6 8. d3
Bd6 9. e4 Ne7 10. g4 Bg6 11. Nh4 dxe4 12. dxe4 Nc5 13. Nc3 f6 14. Be3 Bf7 15.
f4 Ne6 16. Nf5 Nxf5 17. gxf5 Bc5 18. Bxc5 Nxc5 19. e5 Qxd1 20. Raxd1 a5 21. Bf3
Bc4 22. Rfe1 Rd8 23. exf6+ Kf7 24. Re5 Rxd1+ 25. Bxd1 b6 26. b3 Ba6 27. a3 gxf6
28. Bh5+ Kg7 29. Re7+ Kh6 30. Bg4 Rd8 31. b4 axb4 32. axb4 Rd7 33. Re8 Nd3 34.
Ne4 Kg7 35. Rg8+ Kxg8 36. Nxf6+ Kf7 37. Nxd7 Nxf4 38. Kh2 Nd5 39. Kg3 Bc8
1/2-1/2

[Event "Schachfestival Basel"]
[Site "?"]
[Date "2017.01.07"]
[Round "8.5"]
[White "Karthikeyan, P."]
[Black "Svane, Rasmus"]
[Result "0-1"]
[WhiteElo "2488"]
[BlackElo "2560"]
[PlyCount "110"]
[EventDate "2017.01.??"]
[EventType "swiss"]
[EventRounds "9"]

1. Nf3 d5 2. c4 c6 3. e3 Nf6 4. Nc3 a6 5. Qc2 e6 6. b3 c5 7. cxd5 exd5 8. d4
Nc6 9. Be2 cxd4 10. Nxd4 Nxd4 11. exd4 Bb4 12. O-O Be6 13. a3 Bd6 14. Bg5 Rc8
15. Rfc1 h6 16. Bxf6 Qxf6 17. Qd3 O-O 18. g3 Rc6 19. Qd2 Rfc8 20. b4 Qg5 21.
Qxg5 hxg5 22. Na2 Rc2 23. Bd3 Rd2 24. Rd1 Rb2 25. Rdb1 Rd2 26. Rd1 Rxd1+ 27.
Rxd1 Be7 28. Rc1 Bf6 29. Rxc8+ Bxc8 30. Nc3 Bxd4 31. Nxd5 Kf8 32. a4 Bd7 33. b5
a5 34. Kf1 Bg4 35. Ke1 Ke8 36. Be4 Kd7 37. Ne3 Bxe3 38. fxe3 b6 39. Kd2 Kd6 40.
Bc2 Ke5 41. Kc3 Bh3 42. Kd2 f6 43. Kc3 Bg2 44. Kd2 Bf3 45. Kc3 Bd5 46. Kd2 Be4
47. Bd1 Bb1 48. Bf3 Ba2 49. Kc3 Bd5 50. Bd1 Ke4 51. Kd2 Be6 52. g4 Bd7 53. Be2
Bc8 54. Bd1 Be6 55. h3 Bd5 0-1

[Event "Schachfestival Basel"]
[Site "?"]
[Date "2017.01.07"]
[Round "8.6"]
[White "Donchenko, Alexander"]
[Black "Kevlishvili, Robby"]
[Result "1-0"]
[WhiteElo "2559"]
[BlackElo "2417"]
[PlyCount "61"]
[EventDate "2017.01.??"]
[EventType "swiss"]
[EventRounds "9"]

1. d4 Nf6 2. Nf3 g6 3. c4 Bg7 4. g3 c5 5. Nc3 cxd4 6. Nxd4 O-O 7. Bg2 Qc7 8.
Qd3 Nc6 9. Ndb5 Qd8 10. Qd2 a6 11. Nd4 Nxd4 12. Qxd4 d6 13. O-O Nd7 14. Qe3 Rb8
15. Bd2 b5 16. cxb5 axb5 17. Nd5 e6 18. Nb4 Bb7 19. Bxb7 Rxb7 20. Bc3 Bxc3 21.
Qxc3 Qb6 22. Rac1 Nc5 23. Rfd1 Na6 24. Nc6 d5 25. Qf6 Re8 26. Rxd5 Rc7 27. Rd6
Qb7 28. Rc3 b4 29. Rc4 Qb5 30. Ne5 Nc5 31. Rd8 1-0

[Event "Schachfestival Basel"]
[Site "?"]
[Date "2017.01.07"]
[Round "8.7"]
[White "Bellahcene, Bilel"]
[Black "Van Foreest, Lucas"]
[Result "1-0"]
[WhiteElo "2493"]
[BlackElo "2356"]
[PlyCount "65"]
[EventDate "2017.01.??"]
[EventType "swiss"]
[EventRounds "9"]

1. e4 e5 2. f4 Nh6 3. Nc3 exf4 4. Nf3 Be7 5. g3 fxg3 6. hxg3 d6 7. d4 Ng4 8.
Bf4 c6 9. Qd2 Qa5 10. O-O-O Nd7 11. Kb1 Nf8 12. d5 Bd7 13. dxc6 Bxc6 14. Nd4
Ng6 15. Nf5 O-O 16. Nd5 Qd8 17. Ndxe7+ Nxe7 18. Nxe7+ Qxe7 19. Bxd6 Qf6 20. Rh4
Nf2 21. e5 Qf3 22. Re1 Ne4 23. Qh2 Qxg3 24. Qxg3 Nxg3 25. Bd3 Rfe8 26. Bxh7+
Kh8 27. Bd3+ Kg8 28. Rg1 Rad8 29. Bh7+ Kh8 30. e6 Rxe6 31. Bxg3 g5 32. Rh2 Kg7
33. Bf5 1-0

[Event "Schachfestival Basel"]
[Site "?"]
[Date "2017.01.07"]
[Round "8.8"]
[White "Heimann, Andreas"]
[Black "Hamblok, Roel"]
[Result "1-0"]
[WhiteElo "2603"]
[BlackElo "2294"]
[PlyCount "67"]
[EventDate "2017.01.??"]
[EventType "swiss"]
[EventRounds "9"]

1. d4 f5 2. g3 Nf6 3. Bg2 e6 4. c4 Be7 5. Nf3 O-O 6. O-O d6 7. Nc3 Ne4 8. Qc2
Nxc3 9. Qxc3 a5 10. b3 Nc6 11. Bb2 Bf6 12. Qd2 e5 13. dxe5 dxe5 14. Qd5+ Kh8
15. Qxd8 Rxd8 16. Rfd1 Rxd1+ 17. Rxd1 e4 18. Ne5 Kg8 19. Nxc6 Bxb2 20. Ne7+ Kf7
21. Nxc8 Rxc8 22. Rd5 Ke6 23. Rxa5 Rd8 24. Ra7 Rd2 25. Bf1 Be5 26. a4 b6 27. c5
bxc5 28. e3 Ra2 29. Bc4+ Kd6 30. Ra6+ c6 31. Bb5 Bc3 32. Rxc6+ Kd5 33. Rb6 Be5
34. Bc4# 1-0

[Event "Schachfestival Basel"]
[Site "?"]
[Date "2017.01.07"]
[Round "8.9"]
[White "Warmerdam, Max"]
[Black "Schroeder, Jan Christian"]
[Result "0-1"]
[WhiteElo "2350"]
[BlackElo "2550"]
[PlyCount "110"]
[EventDate "2017.01.??"]
[EventType "swiss"]
[EventRounds "9"]

1. e4 e5 2. Nf3 Nc6 3. Bb5 a6 4. Ba4 Nf6 5. O-O Be7 6. Re1 b5 7. Bb3 O-O 8. c3
d6 9. h3 Bb7 10. d4 Re8 11. Ng5 Rf8 12. Nf3 Nd7 13. Nbd2 exd4 14. cxd4 Bf6 15.
Nf1 Na5 16. Bc2 c5 17. b3 Nc6 18. Bb2 cxd4 19. Nxd4 Qb6 20. Nxc6 Bxb2 21. Ne7+
Kh8 22. Rb1 Bf6 23. Nd5 Bxd5 24. Qxd5 Rac8 25. Qd3 Bd4 26. Re2 Rc3 27. Qd2 Rfc8
28. Bd1 Ne5 29. Qf4 Kg8 30. b4 Nd3 31. Qd2 g6 32. Rb3 Nc1 33. Re1 Nxb3 34. Bxb3
R3c7 35. Rd1 Bc3 36. Qg5 Be5 37. h4 Rc3 38. h5 Qd8 39. Qh6 Qf6 40. g3 Qg7 41.
Qd2 gxh5 42. Ne3 Bf4 43. Bxf7+ Kh8 44. Be6 Rxe3 45. fxe3 Qxg3+ 46. Qg2 Bxe3+
47. Kf1 Qf4+ 48. Ke1 Qh4+ 49. Kf1 Qf6+ 50. Bf5 Rg8 51. Qf3 Bb6 52. Ke2 Qe5 53.
Qh3 Rg3 54. Qxh5 Rg2+ 55. Kf3 Qg3# 0-1

[Event "Schachfestival Basel"]
[Site "?"]
[Date "2017.01.07"]
[Round "8.10"]
[White "Anwesh, Upadhyaya"]
[Black "Deepan Chakkravarthy, J."]
[Result "0-1"]
[WhiteElo "2384"]
[BlackElo "2485"]
[PlyCount "120"]
[EventDate "2017.01.??"]
[EventType "swiss"]
[EventRounds "9"]

1. e4 c5 2. Nc3 Nc6 3. Nge2 d6 4. d4 cxd4 5. Nxd4 Nf6 6. Bg5 e6 7. Qd2 a6 8.
O-O-O Bd7 9. f4 b5 10. Bxf6 gxf6 11. Kb1 Qb6 12. Nce2 h5 13. g3 Rc8 14. Bg2 b4
15. Nxc6 Bxc6 16. Nd4 Bd7 17. Rhe1 Rc7 18. Re3 a5 19. c3 h4 20. cxb4 Qxb4 21.
Qxb4 axb4 22. Bf1 hxg3 23. hxg3 Rh1 24. Be2 Rxd1+ 25. Bxd1 e5 26. Nc2 d5 27.
exd5 Bd6 28. g4 Kf8 29. f5 Rc4 30. Bf3 Kg7 31. b3 Rf4 32. Ne1 Kh6 33. Kc2 Kg5
34. Ng2 Bc5 35. Nxf4 Kxf4 36. Rd3 e4 37. Bxe4 Kxe4 38. Rh3 Kf4 39. Rh7 Kxg4 40.
Rxf7 Bxf5+ 41. Kd1 Kg5 42. Rc7 Bf8 43. Rc6 Bd7 44. Ra6 Bg4+ 45. Kd2 Kf5 46. d6
Ke5 47. a3 Bxd6 48. axb4 Bxb4+ 49. Kd3 Bf3 50. Ra4 Bd6 51. b4 Be4+ 52. Ke3 f5
53. Ra5+ Bd5 54. b5 Bc5+ 55. Kd3 f4 56. Ra1 f3 57. Rc1 Kd6 58. Kd2 f2 59. Ke2
Bg2 60. Rd1+ Ke5 0-1

[Event "Schachfestival Basel"]
[Site "?"]
[Date "2017.01.07"]
[Round "8.11"]
[White "Chu, Wei Chao"]
[Black "Beukema, Stefan"]
[Result "1-0"]
[WhiteElo "2289"]
[BlackElo "2398"]
[PlyCount "111"]
[EventDate "2017.01.??"]
[EventType "swiss"]
[EventRounds "9"]

1. d4 f5 2. Nc3 Nf6 3. Bg5 d5 4. Bxf6 exf6 5. e3 Be6 6. Bd3 Qd7 7. Qf3 Nc6 8.
a3 g5 9. Nge2 O-O-O 10. h3 h5 11. g3 h4 12. O-O-O Na5 13. Kb1 c6 14. Qg2 Bd6
15. gxh4 Rxh4 16. f4 Rg8 17. Qf2 Rgh8 18. Rhg1 g4 19. hxg4 fxg4 20. f5 Bf7 21.
e4 Rh2 22. Qe1 dxe4 23. Nxe4 Nc4 24. N2c3 Bc7 25. Nc5 Qxd4 26. Ne6 Nxa3+ 27.
bxa3 Qb6+ 28. Ka2 Be5 29. Na4 Qd4 30. Qb4 Qxb4 31. axb4 g3 32. Kb3 Bh5 33. Rde1
Bf3 34. Be4 Rf2 35. Nac5 Bxe4 36. Rxe4 Rxf5 37. Nd3 Bb8 38. Rg4 a5 39. Nef4
axb4 40. R1xg3 b5 41. Rg8+ Rxg8 42. Rxg8+ Kb7 43. Ne6 Bd6 44. Rd8 Bg3 45. Kxb4
Kb6 46. Rd7 Bf2 47. Nxf2 Rxf2 48. Kb3 Rf3+ 49. c3 Re3 50. Rd6 Ka5 51. Nd8 Kb6
52. Rxc6+ Ka7 53. Rxf6 Re4 54. Nc6+ Kb6 55. Nd4+ Ka5 56. Ka3 1-0

[Event "Schachfestival Basel"]
[Site "?"]
[Date "2017.01.07"]
[Round "8.13"]
[White "Antal, Tibor Kende"]
[Black "Meier, Volker"]
[Result "1-0"]
[WhiteElo "2420"]
[BlackElo "2284"]
[PlyCount "59"]
[EventDate "2017.01.??"]
[EventType "swiss"]
[EventRounds "9"]

1. b3 e5 2. Bb2 d6 3. e3 Nf6 4. c4 g6 5. Nc3 Bg7 6. Nf3 O-O 7. d4 Nbd7 8. Be2
Re8 9. Qc2 c6 10. O-O a6 11. dxe5 dxe5 12. Rfd1 b5 13. Ne4 Nxe4 14. Qxe4 Qb6
15. Rd6 f5 16. Qxc6 Qxc6 17. Rxc6 e4 18. Bxg7 exf3 19. Bxf3 Kxg7 20. Rc7 Rb8
21. cxb5 Kf6 22. Bc6 Ke6 23. Rd1 axb5 24. Rcxd7 Bxd7 25. Bxd7+ Ke5 26. Bxe8
Rxe8 27. a4 bxa4 28. bxa4 Ra8 29. Rd4 Rc8 30. g4 1-0

[Event "Schachfestival Basel"]
[Site "?"]
[Date "2017.01.07"]
[Round "8.14"]
[White "Seul, Georg"]
[Black "Gomes, Mary Ann"]
[Result "1/2-1/2"]
[WhiteElo "2405"]
[BlackElo "2299"]
[PlyCount "111"]
[EventDate "2017.01.??"]
[EventType "swiss"]
[EventRounds "9"]

1. e4 c5 2. Nf3 a6 3. c3 d5 4. exd5 Qxd5 5. d4 Nf6 6. Be3 cxd4 7. cxd4 e6 8.
Nc3 Qd8 9. Bd3 Nc6 10. O-O Be7 11. a3 b5 12. Ne4 Nd5 13. Rc1 Bb7 14. Nc5 Qb6
15. Qc2 Rc8 16. Bxh7 Bxc5 17. dxc5 Qc7 18. Be4 Nf6 19. h3 Nb4 20. axb4 Bxe4 21.
Qe2 Qb7 22. Ne1 Bd5 23. Qc2 Bc4 24. Nd3 Qe4 25. Rfd1 Rxh3 26. Nf4 Qxc2 27. Rxc2
Rxe3 28. fxe3 Bb3 29. Rcd2 Bxd1 30. Rxd1 g5 31. Nd3 Ng4 32. e4 Rd8 33. Nf2
Rxd1+ 34. Nxd1 Ne5 35. Nf2 f6 36. b3 Nc6 37. Nd3 Nd4 38. Nc1 Kd7 39. Kf2 f5 40.
exf5 exf5 41. g4 f4 42. Nd3 Ke6 43. Ne1 Nc6 44. Nf3 Kf6 45. Ke2 Nxb4 46. Nd4
Ke5 47. Nf3+ Kd5 48. Nxg5 a5 49. Nh3 a4 50. bxa4 bxa4 51. Nxf4+ Ke4 52. Kd2
Kxf4 53. Kc3 Nc6 54. Kb2 Kxg4 55. Ka3 Kf5 56. Kxa4 1/2-1/2

[Event "Schachfestival Basel"]
[Site "?"]
[Date "2017.01.07"]
[Round "8.15"]
[White "Nandhidhaa, PV."]
[Black "Alvarez Marquez, Johan"]
[Result "0-1"]
[WhiteElo "2268"]
[BlackElo "2404"]
[PlyCount "68"]
[EventDate "2017.01.??"]
[EventType "swiss"]
[EventRounds "9"]

1. e4 c5 2. Nf3 d6 3. d4 cxd4 4. Nxd4 Nf6 5. Nc3 a6 6. f3 e5 7. Nb3 Be6 8. Be3
Nbd7 9. Qd2 Be7 10. g4 h6 11. O-O-O b5 12. Kb1 Nb6 13. Qf2 Rb8 14. h4 b4 15.
Ne2 Nc4 16. Ba7 Ra8 17. Ng3 Qc7 18. Bxc4 Qxc4 19. g5 Nd7 20. gxh6 Rxh6 21. Be3
Rxh4 22. Nh5 Rxh5 23. Rxh5 a5 24. Rh8+ Nf8 25. Qf1 Qc6 26. Qg2 a4 27. Nc1 b3
28. cxb3 axb3 29. axb3 Qa6 30. Bd2 Bxb3 31. Nxb3 Qd3+ 32. Kc1 Qxb3 33. Ba5 Rxa5
34. Qe2 Bg5+ 0-1